000 00854nam a22002777a 4500
001 000693
003 DO-SdBNP
005 20180321132302.0
007 000693
008 151217b 2004 mx a 00| 0 spa d
020 _a97010462777
040 _aBPMSU
_bspa
_cBPMSU
092 _axxxxx
_bxxxxx
100 1 _aSagols Sales, Lizbeth Margarita
245 1 0 _aÉtica y valores II /
_cLizbeth Margarita Sagols Sales, María Teresa de la Garza Camino, Jorge Enrique Linares Salgado
260 _aMéxico :
_bMcGraw-Hill interamericana,
_c2004.
300 _a112 p. :
_bil.
_c27 cm.
490 0 _aHumanidades
700 1 2 _aGarza Camino, María Teresa de la
700 1 2 _aLinares Salgado, Jorge Enrique
830 0 _aHumanidades
910 _a00260
942 _2ddc
_cBK
945 _aInventariado extranjero / 2018 VM
956 _aYngrid Lockward
_b10
999 _c11464
_d11464